| 000 | 00533nam a22001937a 4500 | ||
|---|---|---|---|
| 003 | KOHA_MİRAKIL | ||
| 005 | 20260324130445.0 | ||
| 008 | 260324b tu ||||| |||| 00| 0 tur d | ||
| 020 | _a9786059658980 | ||
| 040 |
_aTR-AnABB _btur _cTR-AnABB |
||
| 041 | _atur | ||
| 082 |
_a320.9561 _bOZD 2017 |
||
| 100 | 1 | _aÖzdil, Yılmaz | |
| 245 | 1 | 0 |
_aAdam / _cYılmaz Özdil |
| 260 |
_aİstanbul : _bKırmızı Kedi Yayınevi, _c2016 |
||
| 300 |
_a505 sayfa : _c20 cm |
||
| 651 | 0 | 4 |
_aSiyasal tarih Türkiye _93108 |
| 942 |
_2ddc _cBK |
||
| 999 |
_c10023 _d10023 |
||
| 900 | _bCem ÖZOGLU | ||